| 000 | 01109nam a2200241 a 4500 | ||
|---|---|---|---|
| 001 | 000042932 | ||
| 005 | 20201002040516.0 | ||
| 008 | 140213s20uu sp acf 000 0 spa d | ||
| 020 | _a8472328627 | ||
| 040 |
_aDO-SdBNP _bspa _cBNPHU |
||
| 041 | 1 | 7 |
_aspa _bpol |
| 245 | 0 | 0 |
_aCabo Verde. : _bFortalezas, gente e paisagem=Fortalezas, gente y paisaje / _cfotografías, Yasmina Cáceres Gutiérrez, Jesús couso Tapia, Carlos García Peña, Jorge de Juan Ares, Guillermo Sánchez Gil, Laboratorio Praia-Color; traducción, Santiago Figueiredo, Rafael Valladares. |
| 260 |
_a[Madrid], : _bAgencia Española de Cooperación Internacional, _c[20??]. |
||
| 300 |
_a290 p. : _bil., retrs., lam. ; _c33 cm. |
||
| 504 | _aBibliografía p: 214-238 | ||
| 500 | _aSelección de textos y fotografías: Carlos García Peña | ||
| 700 | 1 |
_aGarcía Peña, Carlos _efot. _970411 |
|
| 700 | 1 |
_aCáceres Gutiérrez, Yasmina _efot. _970412 |
|
| 700 | 1 |
_aCouso Tapia, Jesús _efot. _970413 |
|
| 700 | 1 |
_aJuan Ares, Jorge de _efot. _970414 |
|
| 700 | 1 |
_aSánchez Gil, Guillermo _efot. _970415 |
|
| 710 | 2 |
_aLaboratorio Praia-Color _970416 |
|
| 999 |
_c42421 _d42421 |
||